| 000 | 01994cad a22002415a 4500 | ||
|---|---|---|---|
| 001 | L159896 | ||
| 008 | 120829s2015 xxk f 000 0 eng d | ||
| 035 | _a(Sirsi) u159896 | ||
| 041 | 0 | _aeng | |
| 050 | 0 | 4 | _a333.72 $2 18 |
| 110 | 2 |
_aUnited Kingdom _kLaws, etc _95044 |
|
| 245 | 0 | 4 |
_aThe Energy Efficiency (Private Rented Property) (England and Wales) Regulations 2015 _h[electronic resource] |
| 260 | _c2015 | ||
| 490 | 0 |
_aStatutory Instrument _v2015: 962 |
|
| 520 | _aThey enable the tenant of a domestic private rented property ("domestic PR property") to request their landlord's consent to the tenant making energy efficiency improvements to the property, and place a duty on the landlord, and any superior landlord, not to unreasonably refuse consent to the improvements being made, prescribing exemptions as to when such consent will not be considered to be unreasonably withheld (the "tenants' energy efficiency improvements" provisions.) They also prescribe a minimum level of energy efficiency, defined with reference to the Energy Performance Certificate EPC ("the minimum level of energy efficiency"), for domestic PR properties and non-domestic private rented properties and provide that, subject to exemptions, a landlord may not: grant a new tenancy or renew an existing tenancy of a private rented property after 1st April 2018, continue to let a domestic PR property after 1st April 2020, or continue to let a non-domestic private rented property after 1st April 2023, where its energy performance falls below the minimum level of energy efficiency. | ||
| 590 | _aKA | ||
| 651 | 4 | _aENGLAND AND WALES | |
| 690 |
_aEnergy _96237 |
||
| 690 |
_aSustainability _96271 |
||
| 856 | 4 | 0 |
_uhttps://www.legislation.gov.uk/uksi/2015/962/made _zView the regulations free of charge at www.legislation.gov.uk |
| 856 | 4 | 0 |
_uhttps://www.legislation.gov.uk/uksi/2015/962/pdfs/uksiem_20150962_en.pdf _zView the explanatory memorandum free of charge at www.legislation.gov.uk |
| 942 | _n0 | ||
| 999 |
_c116144 _d116144 |
||